000 00455nam a22001937a 4500
005 20250213033339.0
008 250213b |||||||| |||| 00| 0 eng d
082 _21679
_a305.4095
_bOSU
100 _aO'Sullivan, S
245 _aThe Moon for Dinner
_bChanging Relations... Women in China
260 _c1975
300 _a46 p.,
650 _aWomen
650 _aChina
650 _aHistory
650 _aHealth
650 _aSexuality
942 _cL
999 _c5978
_d5978